BSE inquiry. Volume 1 : Findings and conclusions. (Record no. 100877)

MARC details
000 -LEADER
fixed length control field 01023cam a2200301 4500
008 - FIXED-LENGTH DATA ELEMENTS--GENERAL INFORMATION
fixed length control field 000000n2000 000 0 eng u
020 ## - INTERNATIONAL STANDARD BOOK NUMBER
International Standard Book Number 0105569704
035 ## - SYSTEM CONTROL NUMBER
System control number (Sirsi) u109061
050 ## - LIBRARY OF CONGRESS CALL NUMBER
Classification number 636.2
110 ## - MAIN ENTRY--CORPORATE NAME
Corporate name or jurisdiction name as entry element United Kingdom
Subordinate unit Parliament
-- House of Commons
9 (RLIN) 2119
245 ## - TITLE STATEMENT
Title BSE inquiry. Volume 1 : Findings and conclusions.
260 ## - PUBLICATION, DISTRIBUTION, ETC.
Place of publication, distribution, etc. London
Name of publisher, distributor, etc. Stationery Office
Date of publication, distribution, etc. 2000
300 ## - PHYSICAL DESCRIPTION
Extent xxxii, 308p. ; 30cm.
350 ## - PRICE (NR) (BK AM CF MU VM SE) [OBSOLETE]
Price 29.50
490 ## - SERIES STATEMENT
Series statement HCP
Volume/sequential designation 887-I
650 ## - SUBJECT ADDED ENTRY--TOPICAL TERM
Topical term or geographic name entry element BSE
650 ## - SUBJECT ADDED ENTRY--TOPICAL TERM
Topical term or geographic name entry element FARMING
650 ## - SUBJECT ADDED ENTRY--TOPICAL TERM
Topical term or geographic name entry element CD-ROM
650 ## - SUBJECT ADDED ENTRY--TOPICAL TERM
Topical term or geographic name entry element CATTLE
650 ## - SUBJECT ADDED ENTRY--TOPICAL TERM
Topical term or geographic name entry element PHILIPS REPORT
650 ## - SUBJECT ADDED ENTRY--TOPICAL TERM
Topical term or geographic name entry element PROPERTY-RURAL AND NATURAL ASSETS-AGRICULTURAL PROPERTY-LIVESTOCK
650 ## - SUBJECT ADDED ENTRY--TOPICAL TERM
Topical term or geographic name entry element AGRICULTURE
650 ## - SUBJECT ADDED ENTRY--TOPICAL TERM
Topical term or geographic name entry element CJD
690 ## - LOCAL SUBJECT ADDED ENTRY--TOPICAL TERM (OCLC, RLIN)
Topical term or geographic name as entry element Rural
9 (RLIN) 6268
700 ## - ADDED ENTRY--PERSONAL NAME
Personal name Phillips of Worth Matravers, Nicholas Addison Phillips
Titles and other words associated with a name Baron
Dates associated with a name 1938-
856 40 - ELECTRONIC LOCATION AND ACCESS
Uniform Resource Identifier <a href="https://collections.europarchive.org/tna/20090505194948/http:/bseinquiry.gov.uk/report/index.htm">https://collections.europarchive.org/tna/20090505194948/http:/bseinquiry.gov.uk/report/index.htm</a>
Public note View the full BSE Inquiry Report at www.collections.europarchive.org
942 ## - ADDED ENTRY ELEMENTS (KOHA)
Suppress in OPAC 0
Holdings
Withdrawn status Lost status Source of classification or shelving scheme Damaged status Not for loan Home library Current library Shelving location Date acquired Cost, normal purchase price Total Checkouts Full call number Barcode Date last seen Copy number Cost, replacement price Price effective from Koha item type
    Dewey Decimal Classification     London London Folio 22/11/2000 24.65   F636.2 HOU 30062812 06/08/2019 1 24.65 06/08/2019 Book